Intelligent Transport Systems and Travel Behaviour 13th Scientific and Technical Conference "Transport Systems. Theory and Practice 2016" Katowice, Poland, September 19-21, 2016 Selected Papers /

Does application of countdown timers at traffic lights affect pedestrian safety? How can one model walking routes in transport systems using open source tools? What features should be particularly taken into account while implementing highly advanced ICT components in contemporary towns? What scenar...

Full description

Bibliographic Details
Corporate Author: SpringerLink (Online service)
Other Authors: Sierpiński, Grzegorz (Editor)
Format: Electronic eBook
Language:English
Published: Cham : Springer International Publishing : Imprint: Springer, 2017.
Series:Advances in Intelligent Systems and Computing, 505
Subjects:
Online Access:Full Text via HEAL-Link
LEADER 04087nam a22004935i 4500
001 978-3-319-43991-4
003 DE-He213
005 20160727143710.0
007 cr nn 008mamaa
008 160727s2017 gw | s |||| 0|eng d
020 |a 9783319439914  |9 978-3-319-43991-4 
024 7 |a 10.1007/978-3-319-43991-4  |2 doi 
040 |d GrThAP 
050 4 |a Q342 
072 7 |a UYQ  |2 bicssc 
072 7 |a COM004000  |2 bisacsh 
082 0 4 |a 006.3  |2 23 
245 1 0 |a Intelligent Transport Systems and Travel Behaviour  |h [electronic resource] :  |b 13th Scientific and Technical Conference "Transport Systems. Theory and Practice 2016" Katowice, Poland, September 19-21, 2016 Selected Papers /  |c edited by Grzegorz Sierpiński. 
264 1 |a Cham :  |b Springer International Publishing :  |b Imprint: Springer,  |c 2017. 
300 |a XII, 205 p. 74 illus., 25 illus. in color.  |b online resource. 
336 |a text  |b txt  |2 rdacontent 
337 |a computer  |b c  |2 rdamedia 
338 |a online resource  |b cr  |2 rdacarrier 
347 |a text file  |b PDF  |2 rda 
490 1 |a Advances in Intelligent Systems and Computing,  |x 2194-5357 ;  |v 505 
505 0 |a I Modelling of Transport Systems and Travelling Behaviour -- II Smart Cities and Green Travelling -- III Modern Transport and Logistics in Urban Areas -- IV New Solutions for Transport Systems in the World. 
520 |a Does application of countdown timers at traffic lights affect pedestrian safety? How can one model walking routes in transport systems using open source tools? What features should be particularly taken into account while implementing highly advanced ICT components in contemporary towns? What scenario for the development of Intelligent Transport Systems should be chosen for a specific area? How to estimate the impact of the substances emitted by vehicles on climate changes? Answers to these and many other questions can be found in this publication. It also comprises numerous analyses based on legitimate data sources, presenting the close relation between travel behaviours and the organisational as well as technical changes introduced in what is contemporarily referred as smart cities. At present and in the nearest future, technologically advanced transport systems require and will require considerable development of electromobility and the emphasis being placed on multimodality, therefore all these problems have been properly addressed in this publication. With regard to the research results discussed and the selected solutions which find practical application, the publication is dedicated to three groups of recipients: ·Scientists and researchers (ITS field) ·Local authorities (responsible for the transport system on the urban and the regional level) ·Representatives of business (traffic strategy management) and industry (manufacturers of ITS components). The publication entitled Intelligent Transport Systems and Travel Behaviour contains selected papers submitted to and presented at the 13th ”Transport Systems. Theory and Practice” Scientific and Technical Conference organised by the Department of Transport Systems and Traffic Engineering at the Faculty of Transport of the Silesian University of Technology. The conference was held on 19-21 September 2016 in Katowice (Poland). More details at www.TSTP.polsl.pl. 
650 0 |a Engineering. 
650 0 |a Artificial intelligence. 
650 0 |a Computational intelligence. 
650 0 |a Transportation engineering. 
650 0 |a Traffic engineering. 
650 1 4 |a Engineering. 
650 2 4 |a Computational Intelligence. 
650 2 4 |a Transportation Technology and Traffic Engineering. 
650 2 4 |a Artificial Intelligence (incl. Robotics). 
700 1 |a Sierpiński, Grzegorz.  |e editor. 
710 2 |a SpringerLink (Online service) 
773 0 |t Springer eBooks 
776 0 8 |i Printed edition:  |z 9783319439907 
830 0 |a Advances in Intelligent Systems and Computing,  |x 2194-5357 ;  |v 505 
856 4 0 |u http://dx.doi.org/10.1007/978-3-319-43991-4  |z Full Text via HEAL-Link 
912 |a ZDB-2-ENG 
950 |a Engineering (Springer-11647)